logo

Bir Sreshtho Munshi Abdur Rouf Library
Jhenaidah Cadet College

The Democratic experience / (Record no. 9257)

MARC details
000 -LEADER
fixed length control field 00744pam a2200265 i 4500
001 - CONTROL NUMBER
JCCL Control Number 9257
003 - CONTROL NUMBER IDENTIFIER
JCCL marc code BD-JhCC
005 - DATE AND TIME OF LATEST TRANSACTION
control field 20180312122225.0
008 - FIXED-LENGTH DATA ELEMENTS--GENERAL INFORMATION
fixed length control field 780505s1979 ilua b 001 0 eng
020 ## - INTERNATIONAL STANDARD BOOK NUMBER
International Standard Book Number 0673151913 (v. 1) :
Terms of availability $7.95 per vol.
035 ## - SYSTEM CONTROL NUMBER
system control number (BD-JhCC)9257
040 ## - CATALOGING SOURCE
Original cataloging agency DLC
Transcribing agency DLC
Modifying agency DLC
-- BD-JhCC
041 ## - LANGUAGE CODE
Language code of Book eng
050 00 - LIBRARY OF CONGRESS CALL NUMBER
Classification number E178.1
Item number .D36 1979
082 00 - DEWEY DECIMAL CLASSIFICATION NUMBER
Classification number 973
Author mark and Year THE 1979
245 04 - TITLE STATEMENT
Title The Democratic experience /
Statement of responsibility, etc Carl N. Degler ... [et al.].
250 ## - EDITION STATEMENT
Edition statement 4th ed.
260 ## - PUBLICATION, DISTRIBUTION, ETC. (IMPRINT)
Place of publication, distribution, etc Glenview, Ill. :
Name of publisher, distributor, etc Scott, Foresman,
Date of publication, distribution, etc c1979.
300 ## - PHYSICAL DESCRIPTION
Pagination 2 v. :
Other physical details ill. ;
Dimensions 24 cm.
504 ## - BIBLIOGRAPHY, ETC. NOTE
Bibliography, etc Includes bibliographies and indexes.
651 #0 - SUBJECT ADDED ENTRY--GEOGRAPHIC NAME
Geographic name United States
General subdivision History.
700 1# - ADDED ENTRY--PERSONAL NAME
Personal name Degler, Carl N.
942 ## - ADDED ENTRY ELEMENTS (KOHA)
Source of classification or shelving scheme Dewey Decimal Classification
Koha item type Books
Holdings
Source of classification or shelving scheme Damaged status Not for loan Home library Current library Shelving location Total Checkouts Full call number Barcode Date last seen Copy number Koha item type
Dewey Decimal Classification     JCC Rouf Library JCC Rouf Library General Stacks   973 THE 1979 12217 03/12/2018 C - 1 Books

JCC Library | Contacts | JCC Home

Last Update on 23 September 2017
Copyright @ 2017-2020 JCC Rouf Library
Rouf Library, Jhenidah Cadet College (JCC), Bangladesh